Mozart - Statistiques

Statistiques générales
  • Ce quiz a été pris 129 fois
  • Le résultat moyen est 4 sur 14
Statistiques - réponses
Questions Réponses % Correct
Où est-il né? Salzbourg
81%
Où est-il mort? Vienne
75%
À quel âge est-il mort? 35 ans
53%
Quel est le nom de son père? Leopold Mozart
42%
Quelle est sa date de naissance? 27 janvier 1756
29%
Quelles est la date à la quelle il est mort? 5 décembre 1791
29%
La flûte enchanté
28%
Quels sont les principaux opéras de Mozart?(3) Don Giovanni
23%
Les noces de Figaro
19%
Quel est le nom de sa sœur? Maria Anna Mozart
17%
Quels est le nom complet de Mozart? Johannes Chrysostomus Wolfgangus Theophilus Mozart
15%
Quel est le nom de l’épouse de Mozart? Constanze Weber
12%
Quel est le nom de sa mère? Anna Maria Pertl
10%
Combien a-t-il laissé d’oeuvre? 893 (selon le catalogue Köchel)
0%
Aucun quiz correspondant
Distribution des résultats
% des personnes avec chaque résultat
Percentile par nombre de réponses
Votre historique - résultats
Vous n’avez pas pris ce quiz